Statistics for NFL San Francisco 49ers 2022-2023 Active Roster

Click here to take the quiz!

General Stats

  • This quiz has been taken 712 times
  • The average score is 18 of 60

Answer Stats

HintAnswer% Correct
QBBrock Purdy
97%
QBTrey Lance
92%
WRDeebo Samuel
80%
TEGeorge Kittle
79%
WRBrandon Aiyuk
72%
DENick Bosa
71%
LBFred Warner
68%
TTrent Williams
68%
RBElijah Mitchell
63%
CBCharvarius Ward
58%
FSJimmie Ward
58%
WRJauan Jennings
52%
KRobbie Gould
52%
DTArik Armstead
48%
LBDre Greenlaw
47%
SSTalanoa Hufanga
44%
FBKyle Juszczyk
41%
RBJeff Wilson Jr.
37%
TMike McGlinchey
31%
WRRay-Ray McCloud III
31%
RBJordan Mason
30%
DTJavon Kinlaw
28%
QBJimmy Garappolo
28%
PMitch Wishnowsky
28%
LBAzeez Al-Shaair
27%
GAaron Banks
24%
CBAmbry Thomas
24%
CBDemmodore Lenoir
24%
TECharlie Woerner
23%
RBTyrion Davis-Price
23%
WRDanny Gray
22%
TERoss Dwelley
22%
DEDrake Jackson
21%
CJake Brendel
19%
FSTashaun Gipson Sr.
19%
DTKalia Davis
18%
LSTaybor Pepper
18%
DESamson Ebukam
17%
GSpencer Burford
17%
CBEmmanuel Moseley
16%
TETyler Kroft
15%
TColton McKivitz
13%
CDaniel Brunskill
13%
CBJason Verrett
13%
DECharles Omenihu
12%
LBDemetrius Flannigan-Fowles
12%
TJaylon Moore
12%
SSTavarius Moore
12%
LBOren Burks
11%
DEJordan Willis
10%
DTKevin Givens
10%
CBSamuel Womack III
9%
DEKerry Hyder Jr.
8%
FSGeorge Odum
7%
DTHassan Ridgeway
4%
DTMaurice Hurst
4%
LBCurtis Robinson
3%
GNick Zakelj
3%
DEKemoko Turay
1%
GBlake Hance
0%

Score Distribution

Percentile by Number Answered

Percent of People with Each Score

Your Score History

You have not taken this quiz